000 00938cam a2200241 i 4500
005 20200104041533.0
008 940804s1994 dcua bl 001 0 eng
020 _a1559633484 (acidfree paper)
040 _aDLC
_cDLC
_dDLC
_dCO-BoIAVH
041 0 _aeng
082 0 4 _a333.95416
_bI61i
245 0 0 _aInternational wildlife trade :
_ba CITES sourcebook /
_cGinette Hemley, editor.
260 _aWashington, D.C. :
_bWorld Wildlife Fund :
_bIsland Press,
_cc1994.
300 _axii, 166 páginas :
_bilustraciones ;
_c23 cm.
504 _aIncluye referencias bibliográficas e índice.
630 0 0 _aConvention on International Trade in Endangered Species of Wild Fauna and Flora
_d(1973)
650 1 4 _aEspecies amenazadas
650 2 4 _aComercio de animales salvajes
650 2 4 _aConservación de la vida silvestre
700 1 _aHemley, Ginette,
_eeditor.
730 0 _d(1973)
_956102
942 _2ddc
_cLIBRO
999 _c2548
_d2548